000 01158nam a22002177a 4500
008 250407s2025 xxk|||||o|||| 00| 0 eng d
041 _aeng
110 _aRoyal Institution of Chartered Surveyors
245 _aRetrofitting and improving the energy efficiency of your home
_b : a consumer guide
260 _aLondon,
_bRoyal Institution of Chartered Surveyors,
_cApril 2025
490 _aRICS Consumer Guide
520 _aThis guide has been prepared by surveying professionals who, whilst having a deep understanding of the technology and data, have managed to translate their learning into simple measures on how to occupy our homes more efficiently, alongside helpful signposting to where guidance and funding may be available.
520 _aReplaces 'a clear impartial guide to reducing carbon in your home'
650 _aDECARBONISATION
650 _aRETROFITTING
651 _aUnited Kingdom
690 _96266
_aResidential property
710 _aRoyal Institution of Chartered Surveyors
856 _uhttps://www.rics.org/consumer-guides/retrofitting-improving-energy-efficiency-home.html
_zAvailable on RICS.org
942 _n0
999 _c122136
_d122136